000 00832nam a2200289Ia 4500
003 OSt
005 20221006144526.0
006 a|||||r|||| 00| 0
007 ta
008 221006b |||||||| |||| 00| 0 eng d
020 _a1555875890
_c600.00
020 _a9781555875893
024 _a11,888
037 _cTextual
040 _aEASL
_cEASL
_beng
041 _2eng
_aeng
082 _aV2:1944Q7.N9, N6
100 _aRahman Mushtaqur
_9652193
245 0 _aDivided Kashmir
_b Old problems, new opportunities for India, Pakistan and the Kashmiri people
260 _aLondon
_bLynne
_c1996
300 _a219p.
_ccm.
490 _v Gen
650 _a Gen
650 _aIndia - Foreign relations - Pakistan
942 _hV2:1944Q7.N9, N6
_cTEXL
_2CC
999 _c1079974
_d1079974